000
00241 a2200097 4500
001
38032
100
_a
Lano R J
245
_a
A technique for software and system design
260
_a
Netherland
_b
North Holland
_c
1979
090
_c
24211
_d
24211
942
_a
NUST-CAE
_c
M
_c
15794
999
_c
273105
_d
273105